LEADER 00854nam0-22002771i-450- 001 990005414700403321 005 19990530 035 $a000541470 035 $aFED01000541470 035 $a(Aleph)000541470FED01 035 $a000541470 100 $a19990530d1958----km-y0itay50------ba 101 0 $aita 105 $af-------00--- 200 1 $aSaggio sul Labirinto$fMichelangelo Cagiano De Azevedo 210 $aMilano$cVita e Pensiero$h(stampa 1958) 215 $a94 p., 13 tav.$d25 cm 225 1 $aPubblicazioni dell'Università cattolica del Sacro Cuore$hN. S.$v67 700 1$aCagiano de Azevedo,$bMichelangelo$f<1912-1981>$0155769 801 0$aIT$bUNINA$gRICA$2UNIMARC 901 $aBK 912 $a990005414700403321 952 $aARCH. M 251 8$bARCH. 10812$fFLFBC 959 $aFLFBC 996 $aSaggio sul labirinto$9289134 997 $aUNINA LEADER 01467oam 2200445zu 450 001 9910164725103321 005 20210807002221.0 010 $a0-8031-4606-X 035 $a(CKB)3170000000044851 035 $a(SSID)ssj0001489570 035 $a(PQKBManifestationID)11848643 035 $a(PQKBTitleCode)TC0001489570 035 $a(PQKBWorkID)11458845 035 $a(PQKB)10034481 035 $a(NjHacI)993170000000044851 035 $a(EXLCZ)993170000000044851 100 $a20160829d1972 uy 101 0 $aeng 135 $aur||||||||||| 181 $ctxt 182 $cc 183 $acr 200 10$aComposite Materials: Testing and Design (2nd Conference) 210 31$a[Place of publication not identified]$cAmerican Society for Testing & Materials$d1972 215 $a1 online resource (ix, 609 pages) $cillustrations 225 1 $aASTM special technical publication ;$v497 300 $aBibliographic Level Mode of Issuance: Monograph 311 $a0-8031-0134-1 320 $aIncludes bibliographical references and index. 410 0$aASTM special technical publication ;$v497. 517 $aComposite Materials 606 $aComposite materials$vCongresses 615 0$aComposite materials 676 $a620.118 700 $aCorten$b H. T$0861312 801 0$bPQKB 906 $aBOOK 912 $a9910164725103321 996 $aComposite Materials: Testing and Design (2nd Conference)$91922268 997 $aUNINA